01033nam a22002657a 4500003000400000005001700004008004100021020001500062040000900077245017200086250002100258260003600279300001100315490003400326650007000360650002900430650004500459650004100504700002800545700002900573700004300602942001300645999001500658952009400673OSt20131112114841.0130424r20052002ag ||||| |||| 00| 0 spa d a9781004141 cCDMR aEstrategias de comunicación para gobiernoscRoberto Izurieta, Rubén M. Perina, Christopher Arterton (compiladores) ; artículos de Jaime Durán Barba ...[et al.] a1a ed. 3a reimp. aBuenos AiresbLa Crujíac2005 a264 p.0 aInclusiones. Categoríasv100493085aMitjans de comunicació de massaxPolítica governamental0493333aGabinets de premsa0493870aComunicació en l'administració0493324aComunicació en la política1 93269aIzurieta, Roberto1 93270aPerina, Rubén M.1 93271aArterton, Christophereeds. lit. 2udccMON c6129d6129 00104070aCDMRbCDMRd2013-01-16l0oCm 3/10pCDMR13046262r2013-04-24w2013-04-24yMON